Southville International School and Colleges
Your cart is empty.
  • Cart
  • Lists
    Public lists Eva Luna New books Lux_list list_1
    Your lists Log in to create your own lists
  • Log in to your account
  • Your cookies
  • Search history
Southville International School and Colleges
  • Advanced search
  • Recent comments
  • Most popular
  • Libraries

Log in to your account

Log in with GOOGLE


If you do not have an external account, but do have a local account, you can still log in:

  1. Home
  2. MARC view: My first word books /
Normal view MARC view ISBD view

My first word books / (Record no. 110085)

[ view plain ]
MARC details
000 -LEADER
fixed length control field 00439nam a2200169 a 4500
001 - CONTROL NUMBER
control field 1833
005 - DATE AND TIME OF LATEST TRANSACTION
control field 20140414131849.0
008 - FIXED-LENGTH DATA ELEMENTS--GENERAL INFORMATION
fixed length control field 010416s19uu xx 00 eng d
020 ## - INTERNATIONAL STANDARD BOOK NUMBER
International Standard Book Number 0-86318-630-0
050 ## - LIBRARY OF CONGRESS CALL NUMBER
Classification number M 372.4
Item number W65 1992
100 ## - MAIN ENTRY--PERSONAL NAME
Personal name Wilkes, Angela
245 ## - TITLE STATEMENT
Title My first word books /
Statement of responsibility, etc Angela Wilkes.
260 ## - PUBLICATION, DISTRIBUTION, ETC. (IMPRINT)
Place of publication, distribution, etc London :
Name of publisher, distributor, etc Dorling Kindersley,
Date of publication, distribution, etc 1992.
300 ## - PHYSICAL DESCRIPTION
Extent 64 p. : ill. ; cm.
650 ## - SUBJECT ADDED ENTRY--TOPICAL TERM
Topical term or geographic name as entry element Title.
Holdings
Withdrawn status Lost status Damaged status Use restrictions Home library Current library Shelving location Date acquired Source of acquisition Total Checkouts Full call number Barcode Date last seen Price effective from Koha item type
        Munich Library Munich Library Main Section 12/29/2004     M 372.4 W65 1992 M0339 04/14/2014 04/14/2014 Books

My first word books /

APA

Wilkes A., . (1992). My first word books. London: Dorling Kindersley.

Chicago

Wilkes Angela, . 1992. My first word books. London: Dorling Kindersley.

Harvard

Wilkes A., . (1992). My first word books. London: Dorling Kindersley.

MLA

Wilkes Angela, . My first word books. London: Dorling Kindersley. 1992.

  • Place hold
  • Print
  • Cite
  • Add to your cart (remove)
  • Save record
    BIBTEX Dublin Core MARCXML MARC (non-Unicode/MARC-8) MARC (Unicode/UTF-8) MARC (Unicode/UTF-8, Standard) MODS (XML) RIS
  • More searches
    Search for this title in:
    Other Libraries (WorldCat) Other Databases (Google Scholar) Online Stores (Bookfinder.com) Open Library (openlibrary.org)

Exporting to Dublin Core...

SOUTHVILLE LIBRARY

Southville International School and Colleges Library

1281 Tropical Ave. Cor. Luxembourg St., BF Homes International, Las Pinas City

Tel. No. 8256374 / 252358 Loc. 117/146

Powered by Koha